000 02703nam a2200397 a 4500
001 ebr10137734
003 CaPaEBR
006 m u
007 cr cn|||||||||
008 040323s2003 xxca sb 000 0 eng
010 _z 2004325137
020 _z8186706666 (Hard)
020 _z8186706674 (pbk.)
025 _aI-E-2004-325137; 79-08; 70-08
037 _bLibrary of Congress -- New Delhi Overseas Office
_cRs400.00
035 _a(OCoLC)421750725
040 _aCaPaEBR
_cCaPaEBR
043 _aaz-----
050 1 4 _aHQ1240.5.S64
_bT73 2003eb
245 0 0 _aTracking gender equity under economic reforms
_h[electronic resource] :
_bcontinuity and change in South Asia /
_ceditors, Swapna Mukhopadhyay, Ratna M. Sudarshan.
260 _aOttawa :
_bInternational Development Research Centre ;
_aNew Delhi :
_bKali for Women,
_c2003.
300 _avi, 388 p. :
_bill.
504 _aIncludes bibliographical references.
505 0 _aNon-conventional indicators of gender disparities under structural reforms / Shobna Sonpar and Ravi Kapur -- Household response to gender issues : a survey on households of female EPZ workers in Bangladesh / Salma Chaudhuri Zohir -- Status of women under economic reforms : the Indian case / Swapna Mukhopadhyay -- Economic reform and the status of women in Nepal / APROSC -- Gender and adjustment policies : evidence from Pakistan / Rehana Siddiqui, Shahnaz Hamid, Rizwana Siddiqui, and Naeem Akhtar -- Continuity and change : women workers in garment and textile industries in Sri Lanka / Swarna Jayaweera -- Family structure, women's education and work : re-examining the high status of women in Kerala / Mridul Eapen and Praveena Kodoth -- Trade, gender, and employment issues / Manju Senapaty -- Gender in a macroeconomic framework : a CGE model analysis / Anushree Sinha and Sangeeta N. -- Towards integration? gender and economic policy / Ratna M. Sudarshan.
520 _aContributed articles on women employees in economic development process in South Asia.
533 _aElectronic reproduction.
_bPalo Alto, Calif. :
_cebrary,
_d2013.
_nAvailable via World Wide Web.
_nAccess may be limited to ebrary affiliated libraries.
650 0 _aWomen in economic development
_zSouth Asia.
650 0 _aWomen employees
_zSouth Asia
_xEconomic conditions.
651 0 _aSouth Asia
_xEconomic conditions.
655 7 _aElectronic books.
_2local
700 1 _aMukhopadhyay, Swapna.
700 1 _aSudarshan, Ratna M.
710 2 _aInternational Development Research Centre (Canada)
710 2 _aebrary, Inc.
856 4 0 _uhttp://site.ebrary.com/lib/rucke/Doc?id=10137734
_zAn electronic book accessible through the World Wide Web; click to view
999 _c83479
_d83479